| 000 | 00655cam a2200193 4500 | ||
|---|---|---|---|
| 001 | X118533 | ||
| 008 | 020625n2002 000 0 eng u | ||
| 035 | _a(Sirsi) u118533 | ||
| 100 | _aRoe, M | ||
| 245 | 3 | _aAn offer you can't refuse | |
| 260 | _c2002 | ||
| 490 |
_aBuilding _v(8231) 26 April 2002, 58(1) |
||
| 520 | _aLooks at issue that if mediation is now mandatory, if a party refuses an offer to mediate, without good reason, they may lose out on costs even when they win the case. | ||
| 650 | _aMEDIATION | ||
| 650 | _aCOWL AND OTHERS V PLYMOUTH CC | ||
| 650 | _aDUNNETT V RAILTRACK PLC | ||
| 690 |
_aDispute resolution _96236 |
||
| 942 | _n0 | ||
| 999 |
_c70578 _d70578 |
||